000 00775 a2200205 4500
005 20080908165618.0
008 080908t xxu||||| |||| 00| 0 eng d
010 _aENG-87692
020 _c950.00
035 _aEN-71225
037 _bDBAD / PUB
082 _a324.95452
100 _aBanerjee, Dilip
245 _aElection recorder
_ban analytical reference
_cby Dilip Banerjee
260 _aKolkata
_bStar Publishing House
_c2006
270 _a26/1A/H-3, Dr. Subhash Lane
_bKolkata
_e700 002
300 _axx, 907 p.
_c24 cm ( Hb.)
942 _adpl
_cEN
_k324.95452/BAN
_2ddc
_h324.95452
_mBAN
999 _c6857
_d6857